| 000 | 00361nam a22001337a 4500 | ||
|---|---|---|---|
| 020 | _a9781564843159 | ||
| 082 | _a371.3352 BER | ||
| 100 | _aBergmann, Jonathan | ||
| 245 | _aFlip your classroom reach every student in every class every day | ||
| 260 |
_aNew York _bISTE _c2012 |
||
| 300 |
_aix, 112p. : _e20 cm |
||
| 650 | _aTeachers--Time management | ||
| 942 | _cBK | ||
| 999 |
_c12845 _d12845 |
||